000
00348nam a2200145Ia 4500
008
231217s9999 xx 000 0 und d
041
_a
English
082
_a
001.6424JAV JEP;1
100
_a
Jepson, Brian
245
0
_a
Java database programming
260
_c
1997
_b
New York : John Wiley,
300
_a
x+485
650
_a
Java
942
_c
AA
999
_c
165659
_d
165659